| 000 | 00732nam a2200241 4500 | ||
|---|---|---|---|
| 008 | b xx# fre u | ||
| 010 | _a42645 | ||
| 020 | _a2010205499 | ||
| 020 | _a9782010205491 | ||
| 040 | _aLB-BrCRDP | ||
| 082 | _a407/W891e | ||
| 100 | 1 | _aWoodley, Marie-Paule Péry | |
| 130 | 0 | _lFR | |
| 245 | 1 | 0 |
_aLes écrits dans l'apprentissage _bclés pour analyser les production des apprenants _cMarie-Paule Péry Woodley |
| 260 |
_aParis _bHachette _c1993 |
||
| 300 |
_a204p. ; _c21 cm |
||
| 490 | 0 | _aRéférences | |
| 500 | _aBibliogr. à la fin du vol. | ||
| 650 |
_aLangage et Langue _xEtude et enseignement |
||
| 650 | _aApprentissage | ||
| 942 | _cBK | ||
| 999 |
_c10754 _d10754 |
||